Central Library OPAC University of Rajshahi
Normal view MARC view

Entry Personal Name

Number of records used in: 2

001 - CONTROL NUMBER

  • control field: 13956

003 - CONTROL NUMBER IDENTIFIER

  • control field: BD-RjUL

005 - DATE AND TIME OF LATEST TRANSACTION

  • control field: 20241028132222.0

008 - FIXED-LENGTH DATA ELEMENTS

  • fixed length control field: 241028|| aca||aabn | a|a d

040 ## - CATALOGING SOURCE

  • Original cataloging agency: BD-RjUL
  • Transcribing agency: BD-RjUL

100 ## - HEADING--PERSONAL NAME

  • Personal name: Morshed, A. G. Al-

670 ## - SOURCE DATA FOUND

  • Source citation: Work cat.: (BD-RjUL)84178: Morshed, A. G. Al-, A Cross Examination of Economic Profitability in Labour Migration From Bangladesh to Middle Eastern Countries /, 2022